Hướng dẫn sử dụng vận đơn đường biển trong thương mại và hàng hải quốc tế

Spremljeno u:
Bibliografski detalji
Glavni autor: Nguyễn Như Tiến
Format: Knjiga
Jezik:Vietnamese
Izdano: Giao thông vận tải 2001
Oznake: Dodaj oznaku
Bez oznaka, Budi prvi tko označuje ovaj zapis!
Thư viện lưu trữ: Mạng thư viện Đại học Đà Nẵng
LEADER 00711nam a2200253 4500
001 000020634
003 17080
005 20150324100306.0
008 150324s2001 viesd
020 |c 20000 
041 0 |a vie 
082 1 4 |a 346.025  |b NG-T 
100 1 |a Nguyễn Như Tiến 
245 1 0 |a Hướng dẫn sử dụng vận đơn đường biển trong thương mại và hàng hải quốc tế  |c Nguyễn Như Tiến 
260 |b Giao thông vận tải  |c 2001 
300 |a tr.  |c cm. 
OWN |a LSP 
999 |a From the UDN01 
TYP |a Monograph 
TYP |a Printed language 
980 |a Mạng thư viện Đại học Đà Nẵng